Normal view
MARC view
Entry Personal Name
001 - CONTROL NUMBER
- control field: 16324
003 - CONTROL NUMBER IDENTIFIER
- control field: ARRUPE
005 - DATE AND TIME OF LATEST TRANSACTION
- control field: 20150313134004.0
008 - FIXED-LENGTH DATA ELEMENTS
- fixed length control field: 150313|| aca||aabn | a|a d
040 ## - CATALOGING SOURCE
- Original cataloging agency: ARRUPE
- Transcribing agency: ARRUPE
100 ## - HEADING--PERSONAL NAME
- Personal name: Corrigan, R.W
670 ## - SOURCE DATA FOUND
- Source citation: Work cat.: (ARRUPE): Corrigan, R.W, Laurel British drama , 1965